Design of prestressed concrete to eurocode 2 (Record no. 527276)

000 -LEADER
fixed length control field 00323nam a22001337a 4500
040 ## - CATALOGING SOURCE
Transcribing agency NUST
082 ## - DEWEY DECIMAL CLASSIFICATION NUMBER
Edition number 2nd
Classification number 624.183412
Author Mark GIL
100 ## - MAIN ENTRY--PERSONAL NAME
Personal name Gilbert Raymond lan
9 (RLIN) 18418
245 ## - TITLE STATEMENT
Title Design of prestressed concrete to eurocode 2
260 ## - PUBLICATION, DISTRIBUTION, ETC.
Name of publisher, distributor, etc. CRC Press
Date of publication, distribution, etc. 2017
300 ## - PHYSICAL DESCRIPTION
Other physical details HB,ill,665
521 ## - TARGET AUDIENCE NOTE
Target audience note PB
942 ## - ADDED ENTRY ELEMENTS (KOHA)
Source of classification or shelving scheme
Koha item type Book
Holdings
Withdrawn status Lost status Source of classification or shelving scheme Damaged status Not for loan Permanent Location Current Location Date acquired Total Checkouts Full call number Barcode Date last seen Price effective from Koha item type
          NUST Baluchistan Campus (NBC) NUST Baluchistan Campus (NBC) 07/23/2019   624.183412 GIL Q-158 07/23/2019 07/23/2019 Book
© 2023 Central Library, National University of Sciences and Technology. All Rights Reserved.